00656nam a2200181 a 450000100100000000500170001000800410002702000180006804000250008608200160011110000290012724500990015626000310025530000260028650400310031295201140034399900170045700003457920200930073758.0111010s2007 xxu 000 0 spa d a9780195325454 aDO-SdBNPbengcBNPHU axxxxbC559s1 aChung, Young-Iob.96001410aSouth Korea in the fast lane :beconomic development and capital formation /cYoung-Iob Chung. aNew York :bOxford,c2007. axiv, 466 p. ;c24 cm. aBibliografía : p.437-454 001050718MOaGRbGRcCTd2011-10-10iLF1l0oxxxx C559sp34579-10r2020-06-25w2020-06-25y1ZNo se presta c34070d34070